[Event "Druzynowe Mistrzostwa Polski Juniorow - Ekstraliga"]
[Site "Sypniewo k. Jastrowia"]
[Date "2024-06-17"]
[Round "8.11"]
[White "Pawicka, Magdalena"]
[Black "Starosta, Martyna"]
[Result "0-1"]
[WhiteTitle "k+"]
[BlackTitle "WFM"]
[WhiteElo "1985"]
[BlackElo "2268"]

1. e4 2. c5 3. Nf3 4. Nc6 5. d4 6. cxd4 7. Nxd4 8. Nf6 9. Nc3 10. e5 11. Ndb5 12.
d6 13. Bg5 14. a6 15. Na3 16. b5 17. Bxf6 18. gxf6 19. Nd5 20. f5 21. g3 22. fxe4
23. Bg2 24. Be6 25. Bxe4 26. Rc8 27. c3 28. Bg7 29. Qh5 30. h6 31. Rd1 32. O-O
33. g4 34. Bxd5 35. Rxd5 36. Ne7 37. Rd1 38. b4 39. Nb1 40. d5 41. g5 42. Rc4
43. Bd3 44. Rc6 45. Rg1 46. Qb6 47. gxh6 48. Rxh6 49. Qxe5 50. Ng6 51. Qxd5 52.
Rxh2 53. Rd2 54. Kh8 55. Rh1 56. Qe6+ 57. Be2 58. Rxh1+ 59. Qxh1+ 60. Kg8 61.
Qd5 62. Qe7 63. Kd1 64. Bh6 65. Rd4 66. Re8 67. Qf3 68. bxc3 69. Nxc3 70. Qg5
71. Kc2 72. Qc1+ 73. Kb3 74. Rb8+ 75. Rb4 76. Rxb4+ 77. Kxb4 78. Qxb2+ 79. Ka4
80. Bf8 81. Ka5 82. Bb4+ 83. Kxa6 84. Qa3+ 85. Kb5 86. Qa5+ 87. Kc4 88. Ne5+ 89.
Kd4 0-1

[Event "Druzynowe Mistrzostwa Polski Juniorow - Ekstraliga"]
[Site "Sypniewo k. Jastrowia"]
[Date "2024-06-17"]
[Round "8.12"]
[White "Smietanska, Wiktoria"]
[Black "Ejsymont, Blanka"]
[Result "1-0"]
[WhiteTitle "CM"]
[BlackTitle "WCM"]
[WhiteElo "2133"]
[BlackElo "1772"]

1. d4 2. d5 3. c4 4. e6 5. Nc3 6. c6 7. Nf3 8. dxc4 9. a4 10. Bb4 11. e3 12. b5
13. Bd2 14. a5 15. axb5 16. Bxc3 17. Bxc3 18. cxb5 19. b3 20. Bb7 21. bxc4 22.
b4 23. Bb2 24. Nf6 25. Bd3 26. O-O 27. O-O 28. Nbd7 29. Nd2 30. Qc7 31. Bc2 32.
e5 33. d5 34. Qd6 35. f4 36. exf4 37. Rxf4 38. Rfe8 39. Bd4 40. Ne5 41. Qf1 42.
Bc8 43. Ne4 44. Nxe4 45. Rxe4 46. f5 47. Rh4 48. g6 49. Bb3 50. Nd7 51. Qf3 52.
Nc5 53. Rxh7 54. f4 55. Rh8+ 56. Kf7 57. Bxc5 58. Qxc5 59. Rxe8 60. Kxe8 61. Qxf4
62. Bd7 63. Qe5+ 64. Qe7 65. Qh8+ 66. Qf8 67. Qd4 68. a4 69. c5 70. Rb8 71. Bxa4
72. Bxa4 73. Rxa4 74. Qf5 75. Rxb4 76. Rxb4 77. Qxb4 78. Qd3 79. Qd4 80. Qb1+
81. Kf2 82. Qc2+ 83. Kg3 84. Qe2 85. Qe4+ 86. Kd8 87. d6 88. Qe1+ 89. Kh3 90.
Qa5 91. Qe7+ 92. Kc8 93. d7+ 94. Kb7 95. d8=R+ 96. Kc6 97. Rd6+ 98. Kb5 99. Qb7+
100. Ka4 101. Ra6 1-0

[Event "Druzynowe Mistrzostwa Polski Juniorow - Ekstraliga"]
[Site "Sypniewo k. Jastrowia"]
[Date "2024-06-17"]
[Round "8.13"]
[White "Raczek, Krzysztof"]
[Black "Cieslak, Patryk"]
[Result "1/2-1/2"]
[WhiteTitle "FM"]
[BlackTitle "FM"]
[WhiteElo "2342"]
[BlackElo "2358"]

1. e4 2. e5 3. Nf3 4. Nc6 5. Nc3 6. Nf6 7. Bb5 8. Nd4 9. Nxd4 10. exd4 11. e5 12.
dxc3 13. exf6 14. Qxf6 15. dxc3 16. Qe5+ 17. Qe2 18. Qxe2+ 19. Kxe2 20. c6 21.
Bd3 22. d5 23. Re1 24. Be6 25. Bf4 26. Kd7 27. Rad1 28. Bd6 29. Bxd6 30. Kxd6
31. Kd2 32. Rae8 33. Re3 34. Bd7 35. Rde1 36. Rxe3 37. Rxe3 38. Re8 39. Rxe8 40.
Bxe8 41. Ke3 42. h6 43. c4 44. Bd7 45. cxd5 46. Kxd5 47. a3 48. Ke5 49. c3 50.
c5 51. Be4 52. b6 53. f4+ 54. Kd6 55. g3 56. Be6 57. Bf3 58. Bd5 59. Be2 60. Bc6
61. Bc4 1/2-1/2

[Event "Druzynowe Mistrzostwa Polski Juniorow - Ekstraliga"]
[Site "Sypniewo k. Jastrowia"]
[Date "2024-06-17"]
[Round "8.14"]
[White "Maslanka, Wojciech"]
[Black "Warchol, Kamil"]
[Result "1/2-1/2"]
[WhiteTitle "k"]
[BlackTitle "FM"]
[WhiteElo "2103"]
[BlackElo "2164"]

1. e4 2. c5 3. Nf3 4. d6 5. d4 6. cxd4 7. Nxd4 8. Nf6 9. Nc3 10. Nc6 11. Bg5 12.
Bd7 13. Qd2 14. a6 15. O-O-O 16. e6 17. f3 18. Nxd4 19. Qxd4 20. Be7 21. h4 22.
Qc7 23. h5 24. h6 25. Be3 26. b5 27. Kb1 28. Rc8 29. Qd2 30. Bc6 31. Ne2 32. Nd7
33. Bf4 34. Ne5 35. Nd4 36. Bd7 37. b3 38. Bf6 39. g4 40. Nxg4 41. fxg4 42. Bxd4
43. Qxd4 44. e5 45. Qxd6 46. Qxc2+ 47. Ka1 48. Qc3+ 49. Kb1 50. Qc2+ 51. Ka1 52.
Qc3+ 53. Kb1 54. Qc2+ 55. Ka1 1/2-1/2

[Event "Druzynowe Mistrzostwa Polski Juniorow - Ekstraliga"]
[Site "Sypniewo k. Jastrowia"]
[Date "2024-06-17"]
[Round "8.15"]
[White "Radzimski, Antoni"]
[Black "Brzezina, Piotr"]
[Result "1/2-1/2"]
[WhiteTitle "k"]
[BlackTitle "FM"]
[WhiteElo "2224"]
[BlackElo "2298"]

1. d4 2. Nf6 3. c4 4. e6 5. Nc3 6. Bb4 7. e3 8. O-O 9. Bd2 10. b6 11. Nf3 12. d5
13. cxd5 14. exd5 15. Rc1 16. Be7 17. Bd3 18. Bb7 19. Ne5 20. c5 21. O-O 22. Nc6
23. Be1 24. cxd4 25. Nxc6 26. Bxc6 27. exd4 28. Bd6 29. f3 30. Qb8 31. Ne2 32.
Bd7 33. Bg3 34. Bxg3 35. hxg3 36. Qd6 37. Qd2 38. Rac8 39. Rxc8 40. Rxc8 41. Rc1
42. Rxc1+ 43. Qxc1 44. h6 45. Qe3 46. Be6 47. Qc1 48. Bd7 49. Qe3 50. Be6 51.
Qc1 52. Bd7 53. Qe3 54. Be6 55. Qc1 56. Bd7 1/2-1/2

[Event "Druzynowe Mistrzostwa Polski Juniorow - Ekstraliga"]
[Site "Sypniewo k. Jastrowia"]
[Date "2024-06-17"]
[Round "8.16"]
[White "Brzezina, Pawel"]
[Black "Lecki, Leonard"]
[Result "1-0"]
[WhiteTitle "I"]
[BlackTitle "k"]
[WhiteElo "1955"]
[BlackElo "2010"]

1. d4 2. Nf6 3. c4 4. c5 5. d5 6. b5 7. cxb5 8. a6 9. e3 10. e6 11. dxe6 12. fxe6
13. Nc3 14. d5 15. Nf3 16. Bd6 17. bxa6 18. Bxa6 19. Bxa6 20. Rxa6 21. O-O 22.
Nc6 23. Qe2 24. Ra8 25. e4 26. d4 27. e5 28. dxc3 29. exf6 30. Qxf6 31. Bg5 32.
Qf7 33. Rad1 34. Kd7 35. Ne5+ 36. Nxe5 37. Qxe5 38. Ra6 39. Qxc3 40. Rc8 41. Qc4
42. Rcc6 43. Bf4 44. Qh5 45. Bxd6 46. Rxd6 47. Qxa6 48. Qxd1 49. Rxd1 50. Rxd1+
51. Qf1 52. Rxf1+ 53. Kxf1 54. Kd6 55. Ke2 56. Kd5 57. Kd3 58. e5 59. f3 60. g5
61. g4 h6 62. b3 1-0

[Event "Druzynowe Mistrzostwa Polski Juniorow - Ekstraliga"]
[Site "Sypniewo k. Jastrowia"]
[Date "2024-06-17"]
[Round "8.17"]
[White "Wojs, Alicja"]
[Black "Duda, Aleksandra"]
[Result "1-0"]
[WhiteTitle "k"]
[BlackTitle "I++"]
[WhiteElo "1907"]
[BlackElo "1863"]

1. e4 2. d5 3. exd5 4. Qxd5 5. Nc3 6. Qd6 7. d4 8. Nf6 9. Bd3 10. a6 11. Nge2 12.
Nc6 13. Bf4 14. e5 15. dxe5 16. Nxe5 17. Qd2 18. Nxd3+ 19. cxd3 20. Qb6 21. Rc1
22. Bd6 23. Bxd6 24. Qxd6 25. Ne4 26. Nxe4 27. dxe4 28. Qxd2+ 29. Kxd2 30. c6
31. Ke3 32. Be6 33. a3 34. Ke7 35. Nf4 36. Rac8 37. b4 38. Rhd8 39. Rc3 40. Rd6
41. Rhc1 42. Rcd8 43. Nd3 44. Bc8 45. Nc5 46. Rh6 47. h3 48. Rg6 49. g4 50. Rh6
51. Ke2 52. Rhd6 53. Rd3 54. Rxd3 55. Nxd3 56. Kd6 57. Ke3 58. Kc7 59. a4 60.
Kb6 61. Rc5 62. Be6 63. a5+ 64. Kc7 65. f4 66. Re8 67. Kd2 68. Ba2 69. Nc1 70.
Bb1 71. e5 72. Be4 73. Ke3 74. Bg2 75. h4 76. Bd5 77. Nd3 78. Kd7 79. f5 80. Bb3
81. Rc3 82. Bd5 83. Nc5+ 84. Kc7 85. Kf4 86. Kc8 87. Na4 88. Kc7 89. Nb6 90. Rd8
91. Rd3 92. Ba2 93. Rxd8 94. Kxd8 95. Ke4 96. Bb3 97. Kd4 98. Kc7 99. Nc4 100.
Bd1 101. g5 102. Bg4 103. Nd6 104. g6 105. fxg6 106. fxg6 107. Ne8+ 108. Kd8 109.
Nf6 110. Bf5 111. Nxh7 112. Kc7 113. Kc5 114. Bd7 115. Nf8 116. Be8 117. e6 118.
Kc8 119. Nh7 120. Kc7 121. Nf6 122. Kd8 123. Kd6 124. c5 125. bxc5 126. Bc6 127.
e7+ 1-0

[Event "Druzynowe Mistrzostwa Polski Juniorow - Ekstraliga"]
[Site "Sypniewo k. Jastrowia"]
[Date "2024-06-17"]
[Round "8.18"]
[White "Rusiecki, Katarzyna"]
[Black "Figa, Karolina"]
[Result "1-0"]
[WhiteTitle "I++"]
[BlackTitle "I++"]
[WhiteElo "1744"]
[BlackElo "1760"]

1. d4 2. d5 3. c4 4. e6 5. Nc3 6. Nf6 7. Nf3 8. Be7 9. Bg5 10. h6 11. Bh4 12. O-O
13. e3 14. b6 15. Qb3 16. Bb7 17. Bxf6 18. Bxf6 19. cxd5 20. Bxd5 21. Nxd5 22.
exd5 23. Be2 24. Qd6 25. O-O 26. Nd7 27. Rfd1 28. Be7 29. Nd2 30. f5 31. Bf3 32.
Nf6 33. Rac1 34. Kh8 35. Qc2 36. Ne8 37. Nc4 38. Qe6 39. Ne5 40. Rd8 41. Bh5 42.
Rf6 43. Bxe8 44. Rxe8 45. Qxc7 46. Bd6 47. Qxa7 48. Bxe5 49. dxe5 50. Qxe5 51.
Qd7 52. Rd6 53. Qb5 54. Ree6 55. g3 56. Kh7 57. Rd4 58. Rd8 59. Rc6 60. Rxc6 61.
Qxc6 62. Rd6 63. Qb5 64. Qe6 65. Kg2 66. Kg6 67. h4 68. Kh7 69. a4 70. Kh8 71.
b4 72. Kh7 73. Qd3 74. g6 75. a5 76. bxa5 77. bxa5 78. h5 79. Qb5 80. Kh6 81.
Qb8 82. Kg7 83. Qa8 84. Kh7 85. Rb4 86. Rd7 87. a6 88. f4 89. Rxf4 90. Qe7 91.
Qf8 92. Qe6 93. Rf6 94. Qe4+ 95. Kh2 96. Qe7 97. Qxe7+ 98. Rxe7 99. Rb6 100. Kh6
101. Kg2 102. Rf7 103. f4 104. Re7 105. Kf3 106. Rd7 107. Rb7 108. Rd6 109. a7
110. Ra6 111. Ke2 112. Ra3 113. Rd7 114. Ra5 115. Kd3 116. Ra4 117. Kc3 1-0

[Event "Druzynowe Mistrzostwa Polski Juniorow - Ekstraliga"]
[Site "Sypniewo k. Jastrowia"]
[Date "2024-06-17"]
[Round "8.19"]
[White "Ugorek, Kacper"]
[Black "Karolczuk, Iwo"]
[Result "1/2-1/2"]
[WhiteTitle "k"]
[BlackTitle "FM"]
[WhiteElo "2185"]
[BlackElo "2293"]

1. d4 2. Nf6 3. Nc3 4. d5 5. Bf4 6. a6 7. e3 8. b5 9. Nf3 10. e6 11. Ne5 12. Bb7
13. g4 14. Nfd7 15. Bg2 16. Nxe5 17. Bxe5 18. Bd6 19. Bg3 20. Nd7 21. Ne2 22.
h5 23. h3 24. hxg4 25. hxg4 26. Rxh1+ 27. Bxh1 28. Qe7 29. Qd3 30. Nb6 31. O-O-O
32. O-O-O 33. Qh7 34. Bxg3 35. Nxg3 36. Nc4 37. Kb1 38. Kb8 39. b3 40. Nb6 41.
Qxg7 42. Qa3 43. Qh7 44. f5 45. Ne2 46. fxg4 47. c3 48. a5 49. Qc2 50. Qe7 51.
Nf4 52. Nd7 53. Qe2 54. Nb6 55. Qxb5 56. e5 57. Nd3 58. e4 59. Nf4 60. Qh4 61.
Qe2 62. Ka7 63. Bg2 64. Ba6 65. Qd2 66. Rb8 67. Rh1 1/2-1/2

[Event "Druzynowe Mistrzostwa Polski Juniorow - Ekstraliga"]
[Site "Sypniewo k. Jastrowia"]
[Date "2024-06-17"]
[Round "8.20"]
[White "Backiel, Hubert"]
[Black "Jedraszek, Pawel"]
[Result "1-0"]
[WhiteTitle "k"]
[BlackTitle "k"]
[WhiteElo "2200"]
[BlackElo "2155"]

1. d4 2. Nf6 3. c4 4. e6 5. Nc3 6. d5 7. cxd5 8. exd5 9. Bg5 10. c6 11. e3 12.
Be6 13. Bd3 14. Nbd7 15. h3 16. Bd6 17. Nge2 18. h6 19. Bf4 20. Qb8 21. Rc1 22.
O-O 23. O-O 24. Re8 25. b4 26. b5 27. a4 28. a6 29. a5 30. Nf8 31. Qc2 32. Bd7
33. Nb1 34. Ne6 35. Bxd6 36. Qxd6 37. Qc3 38. Ng5 39. Nd2 40. Rad8 41. Bb1 42.
Nge4 43. Nxe4 44. dxe4 45. Ba2 46. Be6 47. Bxe6 48. Rxe6 49. Nf4 50. Nd5 51. Nxd5
52. Qxd5 53. Qc5 54. Qxc5 55. Rxc5 56. Kf8 57. Rfc1 58. Rdd6 59. h4 60. Ke7 61.
Kf1 62. Kd7 63. h5 64. Rf6 65. Re5 66. Rfe6 67. Rec5 68. Rf6 69. Ke2 70. Rfe6
71. f3 72. f6 73. Kf2 74. Re7 75. R1c3 76. Ree6 77. Kg3 78. exf3 79. gxf3 80.
Ke7 81. Kf4 82. Kf7 83. Rc1 84. Ke7 85. R1c2 86. Kd7 87. R2c3 88. Ke7 89. Kf5
90. Kd7 91. Kg6 92. Re7 93. Rd3 94. f5+ 95. Kxf5 96. Rf6+ 97. Kg4 98. Ref7 99.
f4 100. Rd6 101. f5 102. Ke8 103. e4 104. Rfd7 105. d5 106. Rd8 107. Kf4 108.
Ke7 109. Rg3 110. cxd5 111. e5 112. R6d7 113. Rxg7+ 114. Kf8 115. Rxd7 116. Rxd7
117. e6 118. Rd8 119. f6 1-0

[Event "Druzynowe Mistrzostwa Polski Juniorow - Ekstraliga"]
[Site "Sypniewo k. Jastrowia"]
[Date "2024-06-17"]
[Round "8.21"]
[White "Goralski, Mateusz"]
[Black "Chiszko, Oskar"]
[Result "0-1"]
[WhiteTitle "II"]
[BlackTitle "I"]
[WhiteElo "1690"]
[BlackElo "2045"]

1. e4 2. c5 3. Nf3 4. d6 5. d4 6. cxd4 7. Nxd4 8. Nf6 9. f3 10. Nc6 11. c4 12.
g6 13. Nc2 14. Bg7 15. Nc3 16. O-O 17. Be2 18. Ne8 19. O-O 20. f5 21. Be3 22.
Nc7 23. Qd2 24. Ne6 25. Rad1 26. Qa5 27. a3 28. Bxc3 29. Qxc3 30. Qxc3 31. bxc3
32. fxe4 33. fxe4 34. Rxf1+ 35. Kxf1 36. b6 37. Nd4 38. Ne5 39. Nf3 40. Nf7 41.
Nd4 42. Nc5 43. Nc6 44. Kf8 45. Bxc5 46. bxc5 47. Rb1 48. Bd7 49. Na5 50. Ne5
51. Kf2 52. Ke8 53. Ke3 54. Kd8 55. h3 56. Be6 57. Rb7 58. Bc8 59. Rb1 60. Ba6
61. Nb3 62. Bxc4 63. Na5 64. Bxe2 65. Kxe2 66. Kc8 67. Ke3 68. Rb8 69. Rxb8+ 70.
Kxb8 71. Kf4 72. h6 73. g4 74. c4 75. Ke3 76. Kc7 77. Kd4 78. Nf3+ 79. Kxc4 80.
Ng5 81. h4 82. Nxe4 83. Kd5 84. Nc5 85. Nc4 86. e6+ 87. Kd4 88. Nd7 89. Ne3 90.
Nf6 91. c4 92. Kc6 93. a4 94. a5 95. c5 96. e5+ 97. Kc3 98. d5 99. g5 100. hxg5
101. hxg5 102. Ne4+ 0-1

[Event "Druzynowe Mistrzostwa Polski Juniorow - Ekstraliga"]
[Site "Sypniewo k. Jastrowia"]
[Date "2024-06-17"]
[Round "8.22"]
[White "Wojtacha, Krzysztof"]
[Black "Gora, Antoni"]
[Result "1-0"]
[WhiteTitle "I"]
[BlackTitle "II"]
[WhiteElo "1826"]
[BlackElo "1733"]

1. e4 2. c5 3. Nf3 4. e6 5. d4 6. cxd4 7. Nxd4 8. Nc6 9. Nc3 10. Qc7 11. a3 12.
a6 13. Be3 14. Nf6 15. Be2 16. Be7 17. Qd2 18. O-O 19. f4 20. d6 21. g4 22. Nxd4
23. Qxd4 24. d5 25. exd5 26. Nxd5 27. Nxd5 28. exd5 29. O-O-O 30. b5 31. Bf3 32.
Rd8 33. Qb6 34. Qc4 35. Bxd5 36. Rxd5 37. Rxd5 38. Bxg4 39. Rd4 40. Qc8 41. Rd2
42. Rb8 43. Qa7 44. Bf6 45. Bd4 46. Ra8 47. Qc5 48. Qe6 49. Bxf6 50. Qxf6 51.
Qd6 52. Qh4 53. Qd5 54. Re8 55. b3 56. h6 57. Kb2 58. Be6 59. Qd4 60. Qe7 61.
Rg1 62. g6 63. Qe5 64. Qa7 65. Rg3 66. Bd7 67. Qf6 68. Bf5 1-0

[Event "Druzynowe Mistrzostwa Polski Juniorow - Ekstraliga"]
[Site "Sypniewo k. Jastrowia"]
[Date "2024-06-17"]
[Round "8.23"]
[White "Barwinska, Ewa"]
[Black "Szczotka, Klara"]
[Result "1-0"]
[WhiteTitle "WFM"]
[BlackTitle "k++"]
[WhiteElo "2106"]
[BlackElo "2006"]

1. e4 2. c6 3. Nc3 4. d5 5. Nf3 6. Bg4 7. h3 8. Bxf3 9. Qxf3 10. e6 11. d4 12.
Nf6 13. Bg5 14. Be7 15. O-O-O 16. h6 17. Bxf6 18. Bxf6 19. e5 20. Be7 21. Qg4
22. g6 23. Bd3 24. Nd7 25. f4 26. Nf8 27. Qf3 28. Qa5 29. Kb1 30. Qb6 31. Ka1
32. a5 33. Ne2 34. a4 35. a3 36. Qa5 37. g4 38. b5 39. c3 40. Nd7 41. f5 42. exf5
43. gxf5 44. g5 45. e6 46. Nf6 47. exf7+ 48. Kxf7 49. h4 50. g4 51. Qe3 52. Qc7
53. Nf4 54. Bd6 55. Ng6 56. Rh7 57. Rde1 58. Re8 59. Qd2 60. g3 61. Rxe8 62. Nxe8
63. Qe3 64. Qd8 65. Ne5+ 66. Bxe5 67. dxe5 68. Rg7 69. f6 70. g2 71. Re1 72. Rg8
73. e6+ 74. Kxf6 75. Qf4+ 1-0

[Event "Druzynowe Mistrzostwa Polski Juniorow - Ekstraliga"]
[Site "Sypniewo k. Jastrowia"]
[Date "2024-06-17"]
[Round "8.24"]
[White "Piekutowska, Lena"]
[Black "Skorupa, Antonina"]
[Result "1/2-1/2"]
[WhiteTitle "I"]
[BlackTitle "I"]
[WhiteElo "1634"]
[BlackElo "1619"]

1. d4 2. d5 3. c4 4. e6 5. Nc3 6. Bb4 7. Nf3 8. Nf6 9. Qc2 10. h6 11. e3 12. O-O
13. Bd3 14. dxc4 15. Bxc4 16. b6 17. O-O 18. Bb7 19. Nd2 20. Bxc3 21. bxc3 22.
b5 23. Bd3 24. c5 25. Bb2 26. c4 27. Be2 28. Nbd7 29. Bf3 30. Bxf3 31. Nxf3 32.
Qc7 33. Nd2 34. e5 35. Rfe1 36. Rfe8 37. a4 38. a6 39. Ba3 40. Nd5 41. axb5 42.
axb5 43. Reb1 44. Qc6 45. e4 46. Nf4 47. d5 48. Qg6 49. g3 50. Reb8 51. Nf3 52.
Nd3 53. Qe2 54. Nf6 55. Nd2 56. Ne8 57. Kh1 58. Qf6 59. f3 60. Nc7 1/2-1/2

[Event "Druzynowe Mistrzostwa Polski Juniorow - Ekstraliga"]
[Site "Sypniewo k. Jastrowia"]
[Date "2024-06-17"]
[Round "8.25"]
[White "Zdybel, Przemyslaw"]
[Black "Meers, Hubert"]
[Result "0-1"]
[WhiteTitle "FM"]
[BlackTitle "k"]
[WhiteElo "2269"]
[BlackElo "2304"]

1. e4 2. Nf6 3. e5 4. Nd5 5. Nc3 6. Nxc3 7. dxc3 8. Nc6 9. Nf3 10. d6 11. Bc4 12.
Bf5 13. Qe2 14. e6 15. Bf4 16. d5 17. Bb5 18. Bc5 19. b4 20. Bb6 21. c4 22. dxc4
23. Rd1 24. Qe7 25. Qxc4 26. O-O 27. a3 28. a5 29. Bxc6 30. bxc6 31. O-O 32. h6
33. c3 34. axb4 35. axb4 36. c5 37. Be3 38. cxb4 39. Bxb6 40. cxb6 41. cxb4 42.
Rfc8 43. Qb5 44. Be4 45. Nd4 46. Qg5 47. g3 48. Bd5 49. Rfe1 50. Qg4 51. Qe2 52.
Qxe2 53. Rxe2 54. Rc4 55. f4 56. Rxb4 57. Kf2 58. g5 59. Nf5 60. Bc4 61. Nxh6+
62. Kg7 63. Ng4 64. Bxe2 65. Kxe2 66. Ra3 0-1

[Event "Druzynowe Mistrzostwa Polski Juniorow - Ekstraliga"]
[Site "Sypniewo k. Jastrowia"]
[Date "2024-06-17"]
[Round "8.26"]
[White "Zielonka, Adam"]
[Black "Pancewicz, Szymon"]
[Result "1-0"]
[WhiteTitle "k"]
[BlackTitle "I++"]
[WhiteElo "2175"]
[BlackElo "2077"]

1. e4 2. c6 3. Nf3 4. d5 5. Nc3 6. dxe4 7. Nxe4 8. Nf6 9. Qe2 10. Bf5 11. Nxf6+
12. gxf6 13. d3 14. Nd7 15. g3 16. Ne5 17. Nxe5 18. Qa5+ 19. Bd2 20. Qxe5 21.
Qxe5 22. fxe5 23. Bg2 24. h5 25. h4 26. f6 27. O-O 28. Be6 29. a4 30. Bd5 31.
b4 32. Bh6 33. Bxh6 34. Rxh6 35. Bh3 36. Kd8 37. a5 38. Kc7 39. Rfe1 40. Rh7 41.
Rad1 42. Rg7 43. d4 44. exd4 45. Rxd4 46. e5 47. Rd3 48. b6 49. Ra1 50. Kb7 51.
axb6 52. axb6 53. Rxa8 54. Kxa8 55. Bg2 56. Bxg2 57. Kxg2 58. Kb7 59. Rd8 60.
Rf7 61. Rh8 62. Ka6 63. Rxh5 64. Kb5 65. f4 66. Re7 67. fxe5 68. fxe5 69. Kf3
70. Kxb4 71. Ke4 72. Kc3 73. Rxe5 74. Rc7 75. h5 76. Kxc2 77. h6 78. b5 79. Rh5
80. Rc8 81. h7 82. Rh8 83. g4 84. b4 85. g5 86. b3 87. g6 88. b2 89. Rh2+ 90.
Kc3 91. Rh1 92. Kc2 93. Kd4 94. b1=Q 95. Rxb1 96. Kxb1 97. Kc5 98. Kc2 99. Kxc6
100. Kd3 101. Kd5 102. Ke3 103. Ke5 104. Kf3 105. Kf6 106. Kf4 107. Kg7 1-0

[Event "Druzynowe Mistrzostwa Polski Juniorow - Ekstraliga"]
[Site "Sypniewo k. Jastrowia"]
[Date "2024-06-17"]
[Round "8.27"]
[White "Suska, Szymon"]
[Black "Kraczek, Cezary"]
[Result "1/2-1/2"]
[WhiteTitle "I++"]
[BlackTitle "I+"]
[WhiteElo "2011"]
[BlackElo "2032"]

1. Nf3 2. d5 3. g3 4. Nc6 5. d4 6. Bf5 7. Bg2 8. Nb4 9. Na3 10. e6 11. O-O 12.
h6 13. c3 14. Nc6 15. c4 16. Bxa3 17. bxa3 18. Nge7 19. Ne5 20. Nxe5 21. dxe5
22. c6 23. Qb3 24. Qc7 25. f4 26. O-O 27. h3 28. Qb6+ 29. Be3 30. Qxb3 31. axb3
32. b6 33. Rac1 34. Rac8 35. g4 36. Bh7 37. Bf2 38. f6 39. exf6 40. gxf6 41. h4
42. Bg6 43. Rfe1 44. h5 45. gxh5 46. Be4 47. Bxe4 48. dxe4 49. Red1 50. Rfd8 51.
b4 52. Nf5 53. a4 54. Kf7 55. Kf1 56. Ke7 57. c5 58. Rxd1+ 59. Rxd1 60. e3 61.
Bg1 62. bxc5 63. bxc5 64. Rb8 65. Rd3 66. Rb4 67. Bxe3 68. Nxe3+ 69. Rxe3 70.
Rxf4+ 71. Kg2 72. Rxh4 73. Rb3 74. Rxh5 75. Rb7+ 76. Kd8 77. Rxa7 78. Rxc5 79.
a5 80. f5 81. Kf3 82. Rc4 83. Ke3 84. Ra4 85. a6 86. e5 87. Kd3 88. Kc8 89. Rf7
90. Ra3+ 91. Kc4 92. Rxa6 93. Rxf5 94. Ra5 95. Rf7 96. Rd5 97. e3 98. Kd8 99.
Rg7 100. Rd7 101. Rg6 102. Kc7 103. Re6 104. Rd5 105. Re7+ 106. Kd6 107. Rh7 108.
Rd1 109. Rh6+ 110. Kd7 111. Rg6 112. Rd6 113. Rg4 114. Rd1 115. Rg6 116. Rd6 117.
Rg4 118. Ke6 119. Rg6+ 120. Ke7 121. Rg4 122. Kf6 123. Kc5 124. Rd1 125. e4 126.
Rc1+ 127. Kd6 128. Rc4 129. Kd7 130. Rc3 131. Kd6 132. Rc2 133. Rg3 134. Rd2+
135. Kxc6 136. Ke6 137. Rg6+ 138. Ke7 139. Rg4 140. Ke6 1/2-1/2

[Event "Druzynowe Mistrzostwa Polski Juniorow - Ekstraliga"]
[Site "Sypniewo k. Jastrowia"]
[Date "2024-06-17"]
[Round "8.28"]
[White "Korszanski, Stanislaw"]
[Black "Iwan, Patryk"]
[Result "1-0"]
[WhiteTitle "I+"]
[BlackTitle "I"]
[WhiteElo "1904"]
[BlackElo "1808"]

1. e4 2. c5 3. Nf3 4. d6 5. d4 6. cxd4 7. Nxd4 8. Nf6 9. Nc3 10. a6 11. Nb3 12.
e5 13. Bg5 14. Be7 15. Bxf6 16. Bxf6 17. Nd2 18. Be6 19. Nc4 20. Be7 21. Nd5 22.
Bxd5 23. Qxd5 24. Nc6 25. O-O-O 26. O-O 27. Be2 28. Qc7 29. Kb1 30. Rac8 31. c3
32. Rfd8 33. Bg4 34. Rb8 35. Ne3 36. Bg5 37. Nf5 38. Ne7 39. Nxe7+ 40. Bxe7 41.
Rhf1 42. Qc5 43. Qb3 44. b5 45. Rd5 46. Qb6 47. Bh5 48. g6 49. Bg4 50. b4 51.
c4 52. a5 53. f4 54. exf4 55. Rxf4 56. Qg1+ 57. Rd1 58. Qc5 59. Rdf1 60. f6 61.
Be6+ 62. Kg7 63. Bd5 64. Rh8 65. h4 66. Qa7 67. g4 68. a4 69. Qf3 70. Rhf8 71.
g5 72. fxg5 73. Rf7+ 74. Kh8 75. Qh1 76. Rxf7 77. Rxf7 78. Rf8 79. Rxh7+ 1-0

[Event "Druzynowe Mistrzostwa Polski Juniorow - Ekstraliga"]
[Site "Sypniewo k. Jastrowia"]
[Date "2024-06-17"]
[Round "8.29"]
[White "Matskevich, Varvara"]
[Black "Zabrzanska, Weronika"]
[Result "1-0"]
[WhiteTitle "k"]
[BlackTitle "WFM"]
[WhiteElo "1949"]
[BlackElo "1986"]

1. e4 2. e5 3. Nf3 4. Nc6 5. Bb5 6. a6 7. Ba4 8. Nf6 9. d3 10. b5 11. Bb3 12. Bc5
13. c3 14. d6 15. O-O O-O 16. Nbd2 17. Bb6 18. h3 19. h6 20. Re1 21. Ne7 22. a4
23. Bb7 24. Nf1 25. Ng6 26. Ng3 27. c5 28. Nf5 29. Qd7 30. g4 31. c4 32. Bc2 33.
cxd3 34. Bxd3 35. d5 36. Bc2 37. Rad8 38. exd5 39. e4 40. N3d4 41. Bxd5 42. Be3
43. Ne5 44. Qc1 45. Bxd4 46. Nxd4 47. Nfxg4 48. Bf4 49. h5 50. hxg4 51. Qxg4+
52. Bg3 53. h4 54. Qf4 55. hxg3 56. Qxe5 57. gxf2+ 58. Kxf2 59. f5 60. Rg1 61.
Qh4+ 62. Qg3 63. e3+ 64. Ke1 65. Qxg3+ 66. Rxg3 67. f4 68. Rg5 69. bxa4 70. Rxa4
71. Bc6 72. Nxc6 73. f3 74. Bb3+ 75. Rf7 76. Bxf7+ 1-0

[Event "Druzynowe Mistrzostwa Polski Juniorow - Ekstraliga"]
[Site "Sypniewo k. Jastrowia"]
[Date "2024-06-17"]
[Round "8.30"]
[White "Polakiewicz, Blanka"]
[Black "Malicka, Magdalena"]
[Result "0-1"]
[WhiteTitle "I+"]
[BlackTitle "I++"]
[WhiteElo "1632"]
[BlackElo "1729"]

1. e4 2. c6 3. d4 4. d5 5. exd5 6. cxd5 7. Bd3 8. Nc6 9. c3 10. Nf6 11. h3 12.
g6 13. Nf3 14. Bf5 15. O-O 16. Bxd3 17. Qxd3 18. Bg7 19. Nbd2 20. O-O 21. Nb3
22. Ne4 23. Bf4 24. a6 25. Ng5 26. e5 27. Nxe4 28. dxe4 29. Qxe4 30. exf4 31.
Qxf4 32. Re8 33. Rfe1 34. Bf8 35. Nd2 36. f5 37. Nc4 38. b5 39. Ne5 40. Bd6 41.
Qg3 42. Nxe5 43. dxe5 44. Bc5 45. Rad1 46. Qc7 47. Rd5 48. Rad8 49. Red1 50. Rxd5
51. Rxd5 52. Rd8 53. Qd3 54. Rxd5 55. Qxd5+ 56. Kg7 57. Kf1 58. Bb6 59. Ke1 60.
Qc5 61. Qxc5 62. Bxc5 63. Ke2 64. f4 65. Kf3 66. Kf7 67. g3 68. fxg3 69. Kxg3
70. Ke6 71. f4 72. Kf5 73. Kf3 74. Bf8 75. b3 76. Bh6 77. e6 78. Kxe6 79. Ke4
80. Bf8 81. c4 82. bxc4 83. bxc4 84. Bc5 85. h4 86. h5 87. a4 88. a5 89. Kf3 90.
Kf5 91. Kg3 92. Be3 93. Kf3 94. Bxf4 95. c5 96. Bc7 0-1